Harry Potter 100 mots les plus cités par chapitre- 1.1 - Statistiques

Statistiques générales
  • Ce quiz a été pris 101 fois
  • Le résultat moyen est 43 sur 100
Statistiques - réponses
Nombre d'apparitions Mot % Correct
53 s
96%
18 Harry
92%
55 l
92%
102 à
91%
20 a
91%
86 d
89%
140 le
87%
30 c
86%
43 n
81%
112 la
80%
10
80%
198 de
79%
179 il
79%
31 du
76%
100 et
75%
11 j
75%
44 est
74%
20 elle
72%
78 les
72%
35 je
71%
53 se
69%
45 ce
68%
33 mais
68%
97 un
67%
51 des
66%
21 Potter
65%
17 on
64%
62 une
64%
66 qu
62%
42 sa
62%
10 ça
61%
88 en
59%
27 ils
59%
23 ses
58%
9 nom/non/nous
56%
35 pour
56%
38 son
56%
44 vous
54%
52 ne
53%
9 cape/ces/grand
52%
73 que
51%
65 qui
51%
9 jour/maison/Moldus
49%
12 par
46%
34 au
44%
58 dans
44%
27 sur
42%
64 pas
41%
22 si
40%
44 était
38%
43 avait
36%
52 Dursley
36%
9 nuit/petit
36%
15 y
36%
11 étaient
34%
35 Lui
34%
25 avec
33%
22 chat
33%
13 ai
32%
15 avaient
31%
12 cet
31%
14 Hagrid
31%
9 vers/vu
29%
14 être
28%
11 oui
27%
21 plus
27%
41 Dumbledore
26%
16 leur
26%
10 ont
26%
21 rue
26%
36 monsieur/Mr
25%
32 professeur
25%
35 tout
25%
24 dit
24%
10 avoir
21%
11 comme
21%
17 jamais
21%
16 bien
20%
18 Mrs
18%
10 alors
16%
14 yeux
16%
12 dire
15%
10 été
15%
12 homme
14%
10 rien
14%
12 2
13%
10 hiboux
13%
21 même
13%
26 McGonagall
12%
10 regard
11%
12 quelque
9%
16 chose
8%
10 très
8%
10 aurait
7%
11 aussi
7%
18 tête
6%
14 gens
5%
12 répondit
5%
12 air
2%
11 cachait
2%
Aucun quiz correspondant
Distribution des résultats
% des personnes avec chaque résultat
Percentile par nombre de réponses
Votre historique - résultats
Vous n’avez pas pris ce quiz